[Event "27th Czech Open A 2016"]
[Site "Pardubice CZE"]
[Date "2016.07.23"]
[Round "2.69"]
[White "Difronzo, Andrea"]
[Black "Nguyen, Thai Dai Van"]
[Result "1/2-1/2"]
[BlackTitle "FM"]
[WhiteElo "2215"]
[BlackElo "2445"]
[WhiteFideId "874566"]
[BlackFideId "358878"]
[EventDate "2016.07.22"]

1. Nf3 c5 2. c4 Nf6 3. Nc3 d5 4. cxd5 Nxd5 5. g3 Nc6 6. Bg2 Nc7 7. O-O e5 8. a3
Rb8 9. d3 Be7 10. Be3 O-O 11. Nd2 Bd7 12. Rc1 b6 13. Nc4 f6 14. f4 b5 15. Nd2
Nd4 16. Nce4 Bg4 17. Nf3 exf4 18. Nxd4 cxd4 19. Bxf4 Rc8 20. Nc5 Ne6 21. Nxe6
Bxe6 22. Rxc8 Qxc8 23. Qc1 b4 24. axb4 Bxb4 25. Qa1 Qd7 26. Rc1 Bd6 27. Bxd6
Qxd6 28. Qxa7 Qe5 29. Rc7 1/2-1/2

[Event "27th Czech Open A 2016"]
[Site "Pardubice CZE"]
[Date "2016.07.23"]
[Round "2.70"]
[White "Burnett, Andrew"]
[Black "Shevchenko, Kirill"]
[Result "1/2-1/2"]
[WhiteTitle "FM"]
[BlackTitle "FM"]
[WhiteElo "2174"]
[BlackElo "2443"]
[WhiteFideId "2400855"]
[BlackFideId "14129574"]
[EventDate "2016.07.22"]

1. Nf3 Nf6 2. c4 e6 3. g3 b6 4. Bg2 Bb7 5. O-O Be7 6. b3 O-O 7. Bb2 c5 8. d4
cxd4 9. Nxd4 Bxg2 10. Kxg2 d5 11. cxd5 Qxd5+ 12. Nf3 Nc6 13. Qxd5 Nxd5 14. Nc3
Nxc3 15. Bxc3 Rfd8 16. Rfd1 Ba3 17. Rd2 Rxd2 18. Nxd2 b5 19. Rb1 Rd8 20. Nf3 f6
21. Bb2 Bxb2 22. Rxb2 Kf7 23. Rc2 Rd6 24. Nd2 f5 25. f4 Ke7 26. Kf3 1/2-1/2

[Event "27th Czech Open A 2016"]
[Site "Pardubice CZE"]
[Date "2016.07.23"]
[Round "2.71"]
[White "Bryzgalin, Kirill"]
[Black "Urban, Lars"]
[Result "1/2-1/2"]
[WhiteTitle "GM"]
[WhiteElo "2442"]
[BlackElo "2205"]
[WhiteFideId "4133285"]
[BlackFideId "4644034"]
[EventDate "2016.07.22"]

1. c4 e6 2. Nc3 d5 3. d4 Nf6 4. Bf4 c5 5. e3 a6 6. cxd5 exd5 7. dxc5 Bxc5 8. Nf3
Nc6 9. Be2 O-O 10. O-O Be6 11. Ne5 Bd6 12. Nxc6 bxc6 13. Qa4 Rb8 14. b3 Bxf4 15.
Qxf4 Qa5 16. Rac1 Rb4 17. Qd6 c5 18. Qxa6 Qxa6 19. Bxa6 Ra8 20. Be2 Ra3 21. Rfd1
g5 22. Rd2 c4 23. bxc4 Rxc3 24. Rxc3 Ne4 25. Rdc2 Nxc3 26. Rxc3 Rb1+ 27. Bf1
dxc4 28. f3 Rb2 29. Bxc4 Bxc4 30. Rxc4 Rxa2 31. Rg4 h6 32. h4 f6 33. h5 Re2 34.
Re4 Kf7 35. Kf1 Ra2 36. Rb4 Ra1+ 37. Kf2 Rh1 38. Rb7+ Kg8 39. g4 Rh2+ 40. Ke1
Ra2 41. Rd7 Rb2 42. Rd2 Rb3 43. Ke2 Ra3 44. Rd8+ Kg7 45. Rd7+ Kg8 46. Rb7 Rc3
47. Ra7 Rb3 48. Kd2 Rb5 49. Kd3 Rd5+ 50. Ke4 Re5+ 51. Kd4 Re6 52. Rc7 Re8 53.
Rd7 Re6 54. Rc7 Re8 55. Rb7 Re6 56. Rd7 Re8 57. e4 Re5 58. Rd5 Re7 59. Rd8+ Kf7
60. Rd6 Re5 61. Rd7+ Kg8 62. Rd5 Re7 63. Rd8+ Kf7 64. Rh8 Kg7 65. Ra8 Rd7+ 66.
Kc4 Kf7 67. Rc8 Rd1 68. Rc7+ Kg8 69. Rc5 Rf1 70. Rf5 Kg7 71. Kc5 Ra1 72. Kb4 Rf1
73. Kc3 Ra1 74. Kd3 Ra3+ 75. Ke2 Ra2+ 76. Ke3 Ra3+ 77. Kf2 Ra2+ 78. Kg3 Re2 79.
Rd5 Kg8 80. Rd7 Ra2 81. Rd3 Re2 82. Rb3 Kg7 83. Rb7+ Kg8 84. Rb1 Kg7 85. Rf1 Kf7
86. Rf2 Rxf2 87. Kxf2 Ke6 88. Ke2 Kd6 89. Kd3 Ke6 90. Kc4 Ke5 91. Kd3 Ke6 92.
Ke2 Kd6 93. Kd2 Ke6 1/2-1/2

[Event "27th Czech Open A 2016"]
[Site "Pardubice CZE"]
[Date "2016.07.23"]
[Round "2.72"]
[White "Nagy, Gabor1"]
[Black "Jakubowska, Anna"]
[Result "1/2-1/2"]
[WhiteTitle "IM"]
[BlackTitle "WIM"]
[WhiteElo "2439"]
[BlackElo "2208"]
[WhiteFideId "737119"]
[BlackFideId "1121952"]
[EventDate "2016.07.22"]

1. d4 d5 2. c4 c6 3. Nf3 Nf6 4. Nc3 e6 5. Qd3 dxc4 6. Qxc4 b5 7. Qd3 a6 8. e4 c5
9. dxc5 Bxc5 10. e5 Qxd3 11. Bxd3 Nfd7 12. Ne4 Nc6 13. Bf4 Bb7 14. O-O Nb4 15.
Bb1 O-O 16. Bd2 Be7 17. a3 Nd5 18. Rc1 Rac8 19. Bd3 h6 20. Kf1 N7b6 21. Rxc8
Rxc8 22. Rc1 Rxc1+ 23. Bxc1 Kf8 24. Ke2 Ke8 25. Nd4 Nd7 26. f4 Nc5 27. Nxc5 Bxc5
28. Nf3 Kd7 29. g4 Bb6 30. f5 Bc7 31. h4 Nb6 32. Bf4 1/2-1/2

[Event "27th Czech Open A 2016"]
[Site "Pardubice CZE"]
[Date "2016.07.23"]
[Round "2.73"]
[White "Kanovsky, David"]
[Black "Semjonovs, Ilja"]
[Result "1/2-1/2"]
[WhiteTitle "IM"]
[WhiteElo "2430"]
[BlackElo "2181"]
[WhiteFideId "316210"]
[BlackFideId "11604263"]
[EventDate "2016.07.22"]

1. c4 e5 2. g3 Nf6 3. Bg2 d5 4. cxd5 Nxd5 5. Nc3 Nb6 6. Nf3 Nc6 7. a3 a5 8. d3
Be7 9. Be3 Be6 10. Rc1 f5 11. O-O O-O 12. Na4 Bd5 13. Nc5 Bxc5 14. Bxc5 Re8 15.
Re1 Qf6 16. e4 fxe4 17. dxe4 Be6 18. Qc2 Rad8 19. h4 h6 20. b4 axb4 21. axb4 Nc4
22. b5 Nd4 23. Bxd4 exd4 24. e5 Qf8 25. Red1 Na3 26. Qd3 Bf5 27. Qb3+ Be6 28.
Qd3 Bf5 29. Qb3+ Be6 30. Qb2 d3 31. Rc3 Nc4 32. Qc1 d2 33. Qc2 Na3 34. Qb2 Nc4 1/2-1/2

[Event "27th Czech Open A 2016"]
[Site "Pardubice CZE"]
[Date "2016.07.23"]
[Round "2.74"]
[White "Kraus, Tomas"]
[Black "Halfhide, Sebastian"]
[Result "1-0"]
[WhiteTitle "FM"]
[WhiteElo "2426"]
[BlackElo "2188"]
[WhiteFideId "331708"]
[BlackFideId "1045946"]
[EventDate "2016.07.22"]

1. e4 c5 2. Nf3 e6 3. d4 cxd4 4. Nxd4 Nc6 5. Nb5 d6 6. c4 a6 7. N5a3 Nf6 8. Nc3
Be7 9. Be2 O-O 10. O-O b6 11. Be3 Ne5 12. f4 Ned7 13. Bf3 Bb7 14. Qe2 Qc7 15.
Rac1 Rac8 16. Nab1 Qxc4 17. Qd2 Bd8 18. e5 Bxf3 19. gxf3 dxe5 20. Ne2 Nd5 21.
Rxc4 Rxc4 22. Rc1 Nxe3 23. Qxe3 exf4 24. Nxf4 Rxc1+ 25. Qxc1 Bg5 26. Qc7 Nf6 27.
Nc3 Ne8 28. Qb8 Nf6 29. Qe5 h6 30. Ne4 Nxe4 31. fxe4 Bf6 32. Qc7 Rd8 33. Qc2 Bg5
34. Nd3 Rd4 35. Qe2 Kh7 36. Kg2 g6 37. Qf3 Rd7 38. Kg3 Kg7 39. Ne5 Rc7 40. Qd3
Be7 41. Qd4 Bf6 42. Qd6 1-0

[Event "27th Czech Open A 2016"]
[Site "Pardubice CZE"]
[Date "2016.07.23"]
[Round "2.75"]
[White "Nasuta, Grzegorz"]
[Black "Martinkus, Rolandas"]
[Result "1-0"]
[WhiteTitle "IM"]
[BlackTitle "FM"]
[WhiteElo "2417"]
[BlackElo "2172"]
[WhiteFideId "1141686"]
[BlackFideId "12800481"]
[EventDate "2016.07.22"]

1. e4 e5 2. Nf3 Nc6 3. Bb5 a6 4. Ba4 Nf6 5. O-O Nxe4 6. d4 b5 7. Bb3 d5 8. dxe5
Be6 9. Qe2 Be7 10. Rd1 O-O 11. c4 bxc4 12. Bxc4 Bc5 13. Be3 Bxe3 14. Qxe3 Qb8
15. Bb3 Qb6 16. Qe2 Rfd8 17. Nc3 Nxc3 18. bxc3 Qb5 19. Qe3 Ne7 20. Nd4 Qb6 21.
Bc2 c5 22. Nxe6 fxe6 23. Rab1 Qc6 24. Qh3 g6 25. Ba4 Qc8 26. Rb6 Nf5 27. g4 Ng7
28. Rdb1 Ra7 29. Qe3 Rc7 30. Qe2 d4 31. Qxa6 Qxa6 32. Rxa6 dxc3 33. Rc1 Rd4 34.
h3 Rd3 35. Rd6 c4 36. Bb5 Rd5 37. a4 Rxe5 38. Rxc3 Rd5 39. Rc6 1-0

[Event "27th Czech Open A 2016"]
[Site "Pardubice CZE"]
[Date "2016.07.23"]
[Round "2.76"]
[White "Varitski, Igor"]
[Black "Vokac, Marek"]
[Result "0-1"]
[WhiteTitle "IM"]
[BlackTitle "GM"]
[WhiteElo "2208"]
[BlackElo "2415"]
[WhiteFideId "14102862"]
[BlackFideId "300101"]
[EventDate "2016.07.22"]

1. e4 g6 2. d4 Bg7 3. Nc3 d6 4. g3 Nc6 5. Be3 e5 6. dxe5 Nxe5 7. f4 Nd7 8. Bd4
Ngf6 9. Bg2 O-O 10. Nh3 Re8 11. O-O c5 12. Bf2 Nb6 13. e5 dxe5 14. Qxd8 Rxd8 15.
Bxc5 Bxh3 16. Bxh3 exf4 17. Rxf4 Nbd5 18. Nxd5 Nxd5 19. Rf3 b6 20. Ba3 Ne3 21.
Be7 Re8 22. Bg5 Nxc2 23. Raf1 f5 24. b3 Re2 25. Kh1 h6 26. R3f2 Rae8 27. Bf4 Ne1
28. Bd6 Bd4 29. Rxe2 Rxe2 30. Bb4 Nd3 0-1

[Event "27th Czech Open A 2016"]
[Site "Pardubice CZE"]
[Date "2016.07.23"]
[Round "2.77"]
[White "Yankelevich, Lev"]
[Black "Kozusek, Daniel"]
[Result "1-0"]
[WhiteElo "2415"]
[BlackElo "2175"]
[WhiteFideId "24684074"]
[BlackFideId "349500"]
[EventDate "2016.07.22"]

1. d4 Nf6 2. c4 g6 3. Nc3 d5 4. Nf3 Bg7 5. Qb3 dxc4 6. Qxc4 O-O 7. e4 Be6 8. Qd3
c5 9. d5 Bg4 10. Ne5 Nxd5 11. Nxf7 Rxf7 12. Qxd5 Qf8 13. Bc4 e6 14. Qg5 h5 15.
h3 Bf6 16. Qxg6+ Rg7 17. Qh6 b5 18. Nxb5 a6 19. Nc3 Bd4 20. Be3 1-0

[Event "27th Czech Open A 2016"]
[Site "Pardubice CZE"]
[Date "2016.07.23"]
[Round "2.78"]
[White "Jansa, Vlastimil"]
[Black "Wozniak, Mariola"]
[Result "1-0"]
[WhiteTitle "GM"]
[BlackTitle "WIM"]
[WhiteElo "2411"]
[BlackElo "2166"]
[WhiteFideId "300128"]
[BlackFideId "1152050"]
[EventDate "2016.07.22"]

1. e4 c5 2. Nf3 d6 3. d4 cxd4 4. Nxd4 Nf6 5. Nc3 a6 6. Be2 g6 7. O-O Bg7 8. Re1
O-O 9. Bf1 Nc6 10. Nb3 b5 11. a4 b4 12. Nd5 Bb7 13. a5 Nxd5 14. exd5 Ne5 15. Ra4
Re8 16. Rxb4 Qc7 17. Be3 Rac8 18. c3 Nd7 19. Bb6 Qb8 20. Bd4 Qa8 21. Bxg7 Kxg7
22. Qd4+ Nf6 23. c4 Rc7 24. Nd2 Rc5 25. Rb3 Qc8 26. Rbe3 Rc7 27. Ne4 e5 28. Nxf6
Kxf6 29. Qb6 Ke7 30. f4 f6 31. g3 Ba8 32. fxe5 fxe5 33. Rxe5+ dxe5 34. d6+ Kf8
35. dxc7 Qg4 36. Qd6+ Kf7 37. Rxe5 1-0

[Event "27th Czech Open A 2016"]
[Site "Pardubice CZE"]
[Date "2016.07.23"]
[Round "2.79"]
[White "Ivanov, Boris"]
[Black "Yakimenko, Alexander A."]
[Result "0-1"]
[WhiteTitle "IM"]
[WhiteElo "2404"]
[BlackElo "2171"]
[WhiteFideId "4167643"]
[BlackFideId "24141917"]
[EventDate "2016.07.22"]

1. g3 e6 2. Bg2 f5 3. Nh3 Nf6 4. f3 Be7 5. Nf2 O-O 6. c3 d6 7. d4 Kh8 8. O-O Nc6
9. Na3 Qe8 10. e4 fxe4 11. fxe4 Bd7 12. Nc2 Qg6 13. Ne3 Rae8 14. Nd3 e5 15. d5
Nd8 16. Nf2 Nf7 17. Nf5 Bxf5 18. exf5 Qxf5 19. Bh3 Qg6 20. a4 Ng5 21. Bxg5 Qxg5
22. a5 c5 23. Be6 Nh5 24. Nh3 Qe3+ 25. Kg2 Rxf1 26. Qxf1 Rf8 27. Qe1 Qd3 28. Qd1
Qe4+ 29. Kg1 Qe3+ 30. Kg2 Qe4+ 31. Kg1 g6 32. Qd2 Qf3 33. Re1 Ng7 34. Bd7 Nf5
35. Nf2 Kg7 36. Ba4 Nh6 37. Ne4 Qf5 38. b4 cxb4 39. c4 Qc8 40. Qxb4 Qc7 41. Rb1
Rb8 42. Bc6 b6 43. a6 Nf5 44. Bb7 Nd4 45. Qa4 Rf8 46. Kg2 Rf3 47. c5 bxc5 48.
Bc6 Qc8 49. Bd7 Qf8 50. Qc4 Re3 51. Rf1 Qd8 52. Be6 Rxe4 53. Rf7+ Kh6 54. Qc1+
Bg5 55. Qb1 Re2+ 56. Kf1 Qa5 57. Rxa7 Ra2 0-1

[Event "27th Czech Open A 2016"]
[Site "Pardubice CZE"]
[Date "2016.07.23"]
[Round "2.80"]
[White "Bulockin, Martin"]
[Black "Plischki, Sebastian"]
[Result "0-1"]
[BlackTitle "IM"]
[WhiteElo "2038"]
[BlackElo "2373"]
[WhiteFideId "371610"]
[BlackFideId "4637143"]
[EventDate "2016.07.22"]

1. e4 c5 2. Nf3 Nc6 3. d4 cxd4 4. Nxd4 Qb6 5. Nb3 Nf6 6. Nc3 e6 7. Be3 Qc7 8. a3
d6 9. Qd2 a6 10. O-O-O Be7 11. f4 O-O 12. Be2 b5 13. g4 Rb8 14. g5 Nd7 15. f5 b4
16. axb4 Nxb4 17. f6 gxf6 18. gxf6 Bxf6 19. Bh6 Na2+ 20. Nxa2 Rxb3 21. c3 Qa5
22. Rhg1+ Kh8 23. Bxf8 Qxa2 24. Qc2 Qa1+ 25. Kd2 Qxb2 26. Qxb2 Rxb2+ 27. Ke3
Nxf8 28. Rb1 Rxb1 29. Rxb1 Nd7 30. c4 Kg7 31. Bf3 Be5 32. h3 Kf6 33. Rg1 Ke7 34.
Be2 a5 35. Rc1 Nc5 36. Rc2 Bb7 37. Bf3 a4 0-1

[Event "27th Czech Open A 2016"]
[Site "Pardubice CZE"]
[Date "2016.07.23"]
[Round "2.81"]
[White "Seger, Ruediger"]
[Black "Horak, Martin"]
[Result "1-0"]
[WhiteTitle "IM"]
[WhiteElo "2368"]
[BlackElo "2107"]
[WhiteFideId "4617274"]
[BlackFideId "367095"]
[EventDate "2016.07.22"]

1. e4 c5 2. b3 Nc6 3. Bb2 e5 4. f4 d6 5. Nf3 exf4 6. Bb5 Bd7 7. O-O Nf6 8. Nc3
Be7 9. d3 O-O 10. Qd2 a6 11. Bxc6 Bxc6 12. Qxf4 Nd7 13. Rae1 b5 14. Qg3 g6 15.
h4 h5 16. Qf4 Kh7 17. Ng5+ Bxg5 18. hxg5 Ne5 19. Nd1 Qc7 20. Ne3 Rae8 21. Re2 f6
22. gxf6 Re6 23. Qh4 Qd8 24. Ref2 Nf7 25. g4 d5 26. gxh5 g5 27. Qg4 Qd7 28. Nxd5
Bxd5 29. Qf5+ Kh8 30. exd5 Rd6 31. Qxd7 Rxd7 32. Rf5 Re8 33. Rxg5 Re2 34. Rf2
Re1+ 35. Kh2 Rb1 36. Rg7 Rxb2 37. Re2 Ne5 38. Rxe5 Rxg7 39. fxg7+ Kxg7 40. Re2 1-0

[Event "27th Czech Open A 2016"]
[Site "Pardubice CZE"]
[Date "2016.07.23"]
[Round "2.82"]
[White "Obsivac, Josef"]
[Black "Lkhamsuren, Uuganbayar"]
[Result "1-0"]
[WhiteTitle "FM"]
[BlackTitle "WIM"]
[WhiteElo "2365"]
[BlackElo "2123"]
[WhiteFideId "303690"]
[BlackFideId "4901347"]
[EventDate "2016.07.22"]

1. d4 Nf6 2. c4 e6 3. Nf3 b6 4. g3 Ba6 5. Qc2 Bb4+ 6. Nbd2 Bb7 7. Bg2 c5 8. d5
exd5 9. cxd5 Bxd5 10. O-O Bxd2 11. Bxd2 Be4 12. Qa4 O-O 13. Rfd1 d5 14. b4 Qe8
15. Qa3 Nbd7 16. bxc5 bxc5 17. Rac1 h6 18. Bh3 Bxf3 19. Qxf3 Ne4 20. Bxd7 Qxd7
21. Bxh6 Qe6 22. Bf4 d4 23. Rc2 Nc3 24. Rdd2 Rad8 25. Kg2 Rd7 26. h4 Rfd8 27.
Rb2 Na4 28. Rb5 Qa6 29. Rb8 Rxb8 30. Bxb8 Qb7 31. Bf4 Qxf3+ 32. Kxf3 Nc3 33. Rc2
f5 34. Bd2 Ne4 35. Be1 Kf7 36. Kf4 Rd5 37. f3 Nf6 38. g4 fxg4 39. fxg4 Ke6 40.
Kf3 Re5 41. Bd2 Kd5 42. Rb2 Ne4 43. Bc1 Re7 44. h5 Rf7+ 45. Kg2 Nd6 46. g5 c4
47. Rb8 Nf5 48. g6 Re7 49. Kf3 c3 50. Rb5+ Ke6 51. Kf4 Nd6 52. Re5+ Kf6 53. Rxe7
Kxe7 54. Ke5 Ne8 55. Kxd4 Nf6 56. h6 gxh6 57. Bxh6 c2 58. Kc3 Nd5+ 59. Kxc2 1-0

[Event "27th Czech Open A 2016"]
[Site "Pardubice CZE"]
[Date "2016.07.23"]
[Round "2.83"]
[White "Hladik, Josef"]
[Black "Pultinevicius, Paulius"]
[Result "0-1"]
[WhiteElo "2128"]
[BlackElo "2325"]
[WhiteFideId "305545"]
[BlackFideId "12809390"]
[EventDate "2016.07.22"]

1. Nf3 Nf6 2. d4 e6 3. e3 c5 4. Bd3 Nc6 5. c3 d5 6. O-O Qc7 7. Nbd2 cxd4 8. exd4
g6 9. Re1 Bg7 10. Nf1 O-O 11. Bg5 h6 12. Bh4 Nh5 13. Bg3 Nxg3 14. hxg3 Rb8 15.
Qe2 Bd7 16. N1d2 Rfe8 17. Ne5 Nxe5 18. dxe5 b5 19. a3 a5 20. Rac1 Rec8 21. Nf3
Qb6 22. b4 Rc7 23. Nd4 Bf8 24. Qb2 Rbc8 25. Nb3 axb4 26. cxb4 Rc4 27. Bxc4 bxc4
28. Qd4 Qa6 29. Na5 Bb5 30. Rc3 Be7 31. Rd1 Ba4 32. Rdc1 Bg5 33. Kh2 Bxc1 34.
Rxc1 Rc7 35. g4 Qa7 36. Qf4 c3 37. Kg3 c2 38. Qxh6 Rc3+ 39. f3 Qc7 40. Qg5 Rd3
41. Nb7 Rd1 42. Nc5 Rxc1 43. Qxc1 Qxe5+ 44. Kh3 Qh8+ 45. Kg3 Qd4 46. Nxa4 Qd1 0-1

[Event "27th Czech Open A 2016"]
[Site "Pardubice CZE"]
[Date "2016.07.23"]
[Round "2.84"]
[White "Prithu, Gupta"]
[Black "Nun, Jiri"]
[Result "1/2-1/2"]
[BlackTitle "IM"]
[WhiteElo "1981"]
[BlackElo "2317"]
[WhiteFideId "46618546"]
[BlackFideId "300179"]
[EventDate "2016.07.22"]

1. e4 c6 2. d4 g6 3. Nf3 d5 4. e5 Bg4 5. Be2 e6 6. O-O h5 7. h3 Bxf3 8. Bxf3 Nh6
9. Nc3 Nf5 10. Ne2 Qb6 11. Qd3 a5 12. Bg5 Qa6 13. Qd2 Nd7 14. Ng3 Ne7 15. Qf4
Qb6 16. b3 Ng8 17. c4 Be7 18. Ne2 Qd8 19. Bxe7 Nxe7 20. cxd5 cxd5 21. Rac1 Nc6
22. Rfd1 Nb6 23. Nc3 Kf8 24. Nb5 Nc8 25. a4 Kg7 26. Rc3 Qe7 27. Be2 h4 28. Bg4
N8a7 29. Rdc1 Rhf8 30. Rf3 Rad8 31. Rfc3 Rd7 32. Be2 Nc8 33. Rf3 N6a7 34. Rfc3
Nc6 35. Rf3 N6a7 36. Bd3 Nc6 37. Qg4 Rh8 38. Rf6 Rh6 39. Re1 Qb4 40. Re3 Nd8 41.
Kh2 Ne7 42. Ref3 Ng8 43. R6f4 Qe7 44. Bb1 Kh8 45. Rc3 Nc6 46. Qe2 Qd8 47. Rcf3
Rh7 48. Kg1 Qe7 49. Nd6 Nd8 50. Nb5 Nc6 51. Qd2 Nh6 52. Nd6 Nf5 53. Nb5 1/2-1/2

[Event "27th Czech Open A 2016"]
[Site "Pardubice CZE"]
[Date "2016.07.23"]
[Round "2.85"]
[White "Solc, Filip"]
[Black "Nemeth, Zoltan"]
[Result "0-1"]
[BlackTitle "IM"]
[WhiteElo "1907"]
[BlackElo "2310"]
[WhiteFideId "365467"]
[BlackFideId "700657"]
[EventDate "2016.07.22"]

1. e4 c5 2. Nf3 a6 3. c3 e6 4. d4 d5 5. e5 f6 6. Bd3 f5 7. a3 Nc6 8. b4 cxd4 9.
cxd4 Bd7 10. Be3 Na7 11. Ng5 g6 12. g4 Qb6 13. gxf5 exf5 14. Nc3 Ne7 15. Na4
Bxa4 16. Qxa4+ Nb5 17. Bxb5+ Qxb5 18. Qxb5+ axb5 19. Ne6 Kd7 20. Nc5+ Kc8 21.
Kd2 Nc6 22. Rhc1 Be7 23. f4 Kc7 24. Ne6+ Kb6 25. Kc3 Rhe8 26. Nc5 Bxc5 27. bxc5+
Kc7 28. Rcb1 Ra5 29. Bd2 Rea8 30. Kc2 Rxa3 31. Rxa3 Rxa3 32. Bc3 b4 33. Bxb4
Nxd4+ 34. Kd2 Ra2+ 35. Ke3 Nc2+ 36. Kd3 Nxb4+ 37. Rxb4 Kc6 38. e6 Kxc5 39. e7
Ra3+ 40. Rb3 Ra8 41. Rxb7 Re8 42. Ra7 Kd6 43. Kd4 Ke6 44. Ra6+ Kf7 45. Kxd5 Rxe7
46. Ra2 Kg7 47. Rf2 Re4 48. Rf3 Kf6 49. Rf2 h6 50. h4 g5 51. fxg5+ hxg5 52.
hxg5+ Kxg5 53. Rf1 Re8 54. Kd4 f4 55. Rg1+ Kf5 56. Rg2 Re7 57. Kd3 f3 58. Rg8
Kf4 59. Kd2 f2 60. Rf8+ Kg3 61. Rg8+ Kh2 62. Rh8+ Kg1 63. Rg8+ Kf1 64. Rf8 Re5
65. Rf7 Re6 66. Ra7 Re2+ 67. Kd3 Re8 68. Rg7 Rd8+ 69. Kc2 Rd5 70. Kc3 Ke2 71.
Re7+ Kf3 72. Rf7+ Ke3 73. Re7+ Kf4 74. Rf7+ Rf5 0-1

[Event "27th Czech Open A 2016"]
[Site "Pardubice CZE"]
[Date "2016.07.23"]
[Round "2.86"]
[White "Waechter, Nathalie"]
[Black "Keller, Peter GER"]
[Result "1-0"]
[BlackTitle "FM"]
[WhiteElo "1993"]
[BlackElo "2286"]
[WhiteFideId "12921033"]
[BlackFideId "1272105"]
[EventDate "2016.07.22"]

1. d4 d5 2. Nf3 Nf6 3. c4 c6 4. cxd5 cxd5 5. Nc3 Nc6 6. Bf4 Nh5 7. Be5 f6 8. Bg3
Nxg3 9. hxg3 e5 10. e3 Be6 11. Bb5 Qd6 12. a3 Be7 13. Rc1 Rc8 14. Na4 e4 15. Nd2
a6 16. Be2 O-O 17. Nc5 Rc7 18. Ndxe4 dxe4 19. Nxe6 1-0

[Event "27th Czech Open A 2016"]
[Site "Pardubice CZE"]
[Date "2016.07.23"]
[Round "2.87"]
[White "Jakubowski, Krzysztof"]
[Black "Majer, Jiri"]
[Result "1-0"]
[WhiteTitle "GM"]
[BlackTitle "FM"]
[WhiteElo "2557"]
[BlackElo "2188"]
[WhiteFideId "1112848"]
[BlackFideId "307564"]
[EventDate "2016.07.22"]

1. c4 Nf6 2. Nc3 d6 3. e4 e5 4. g3 Be7 5. Bg2 O-O 6. Nge2 Be6 7. d3 c6 8. f4 Na6
9. h3 Qb6 10. a4 exf4 11. a5 Qc5 12. gxf4 Nh5 13. h4 f5 14. Bf3 Nf6 15. b3 Rae8
16. d4 Qb4 17. e5 dxe5 18. Ba3 Qxa3 19. Rxa3 Bxa3 20. fxe5 Ng4 21. Nf4 Bb4 22.
Qa1 Ne3 23. Qc1 Ng4 24. O-O Nc7 25. a6 Bc8 26. axb7 Bxb7 27. Na4 Rd8 28. Rd1 Be7
29. Ng2 Ne6 30. Qc3 g5 31. d5 cxd5 32. cxd5 Rc8 33. Qe1 gxh4 34. Bxg4 fxg4 35.
dxe6 h3 36. Ne3 Bf3 37. Nd5 Bg5 38. e7 Rfe8 39. Nf6+ Kh8 40. Nxe8 Rxe8 41. Rd8 1-0

[Event "27th Czech Open A 2016"]
[Site "Pardubice CZE"]
[Date "2016.07.23"]
[Round "2.88"]
[White "Petr, Martin"]
[Black "Barrish, Daniel"]
[Result "1/2-1/2"]
[WhiteTitle "GM"]
[BlackTitle "FM"]
[WhiteElo "2505"]
[BlackElo "2183"]
[WhiteFideId "318299"]
[BlackFideId "14304600"]
[EventDate "2016.07.22"]

1. d4 Nf6 2. Bg5 d5 3. e3 c5 4. Nf3 cxd4 5. exd4 Bg4 6. Nbd2 Ne4 7. Be3 Nxd2 8.
Bxd2 Nc6 9. c3 e6 10. Bd3 Bd6 11. h3 Bh5 12. O-O O-O 13. g4 Bg6 14. Bxg6 hxg6
15. Qe2 Qc7 16. Rae1 b5 17. Ne5 Bxe5 18. dxe5 d4 19. cxd4 Nxd4 20. Qe4 Rfd8 21.
Bb4 Qc2 22. Ba5 Qxe4 23. Rxe4 Rd5 24. Kg2 Nc6 25. Bc3 a5 26. f4 g5 27. fxg5 b4
28. Be1 Nxe5 29. Bg3 Nd3 30. g6 fxg6 31. Rxe6 Nxb2 32. Rxg6 Rd2+ 33. Kg1 Re8 34.
Bf4 Rc2 35. Rd6 Nc4 36. Rc6 a4 37. g5 b3 38. axb3 axb3 39. g6 Ne5 40. Rb6 Nd3
41. Rxb3 Nxf4 42. Rxf4 Re1+ 43. Rf1 Rxf1+ 44. Kxf1 Kf8 45. h4 Ke7 46. Rf3 Ke6
47. Rf4 Ke5 48. Ra4 Kf5 1/2-1/2

[Event "27th Czech Open A 2016"]
[Site "Pardubice CZE"]
[Date "2016.07.23"]
[Round "2.89"]
[White "Plat, Vojtech"]
[Black "Kratochvil, Karel"]
[Result "1-0"]
[WhiteTitle "IM"]
[WhiteElo "2498"]
[BlackElo "2182"]
[WhiteFideId "325740"]
[BlackFideId "325546"]
[EventDate "2016.07.22"]

1. d4 Nf6 2. c4 c5 3. Nf3 cxd4 4. Nxd4 e5 5. Nb5 d5 6. cxd5 Bc5 7. e3 O-O 8.
N5c3 e4 9. Nd2 Bf5 10. Be2 Nbd7 11. g4 Bg6 12. g5 Ne8 13. Ndxe4 Nd6 14. Nxc5
Nxc5 15. Qd4 Rc8 16. h4 Nde4 17. h5 Nxc3 18. bxc3 Be4 19. f3 Bxd5 20. e4 Be6 21.
h6 f6 22. hxg7 Kxg7 23. gxf6+ Qxf6 24. Bh6+ 1-0

[Event "27th Czech Open A 2016"]
[Site "Pardubice CZE"]
[Date "2016.07.23"]
[Round "2.90"]
[White "Solozhenkin, Evgeniy"]
[Black "Kulovana, Eva"]
[Result "1-0"]
[WhiteTitle "GM"]
[BlackTitle "WGM"]
[WhiteElo "2454"]
[BlackElo "2181"]
[WhiteFideId "4102266"]
[BlackFideId "318779"]
[EventDate "2016.07.22"]

1. d4 d5 2. Nf3 Nf6 3. c4 c6 4. Qb3 dxc4 5. Qxc4 Bf5 6. g3 e6 7. Bg2 Nbd7 8. Nc3
Be7 9. O-O O-O 10. Re1 Bg6 11. e4 b5 12. Qxc6 b4 13. e5 Rc8 14. Qa6 bxc3 15.
exf6 Nxf6 16. bxc3 Rxc3 17. Qxa7 Be4 18. Re3 Rc7 19. Qa4 Qd5 20. Qb3 Qa8 21. Ne1
Bxg2 22. Nxg2 Rb8 23. Qd1 Nd5 24. Rb3 Rbc8 25. Bb2 Ra7 26. a3 h6 27. Ne1 Ra4 28.
Nd3 Qa5 29. Rc1 Rxc1 30. Qxc1 Qa8 31. Nc5 Ra7 32. Qc4 Rc7 33. a4 Ra7 34. Rb5 Kh7
35. Qd3+ g6 36. Qf3 Kg7 37. Qb3 Bf6 38. Rb7 Be7 39. Rxa7 Qxa7 40. Qb5 Bd8 41.
Qb7 Qb6 42. Qxb6 Bxb6 43. Nb7 Kg8 44. a5 Ba7 45. Nd8 Nb4 46. Ba3 Nc2 47. Bc5
Bxc5 48. dxc5 Nb4 49. c6 Na6 50. Nb7 Kf8 51. Nc5 Nc7 52. a6 Ke7 53. a7 Na8 54.
Nb7 e5 55. Kg2 f5 56. h4 Ke6 57. Kf3 g5 58. h5 e4+ 59. Ke3 Ke5 60. Nd8 f4+ 61.
Ke2 Kf6 62. g4 Ke7 63. Nb7 Ke6 64. Nc5+ Kd5 65. Nd7 Ke6 66. Kd2 Kd5 67. Nf6+
Kxc6 68. Nxe4 Kb7 69. Nxg5 Nc7 70. Nf7 Kxa7 71. Nxh6 Kb6 72. Nf7 Ne6 73. g5 1-0